Datum a čas kvízu

23 Celkem bodů Celkový počet nahraných bodů na tomto kvízu bez doplňovacích otázek.
4. Pořadí na kvízu Konečné umístění týmu na tomto kvízu.

Zaznamenané odpovědi

# Otázka Odpověď Body Výsledky
1. Minulý týden rozbouřil vody če... Vondráček s kolegou vyskočili na předsednický pult a hráli na kytary. 0
2. Předsedkyně ruského parlamentn... Čajkovskij 1
3. 4. březen se zřejmě stane čern... Luke Perry, Keith Flint 0
4. Nultý den na ženevském výstavi... B 1
5. Klub NBA Washington Wizards ot... Tomáš Satoranský 0
6. V prvních čtyřech otázkách tém... Božena Němcová, Babička 1
7. „Vstávej!“ ...Meduna krásně př... Karel Poláček, Muži v offsidu 1
8. "Mé nejstarší vzpomínky... To... Karel Čapek, Hovory s TGM 0
9. „Drva hlaďúnký, bílúnký, a tak... Rudolf Těsnohlídek, Liška Bystrouška 0
10. "V jednom kupé druhé třídy ryc... B 1